000
00327nam a22001337a 4500
999
_c
13674
_d
13674
020
_a
9781118968857
082
_a
338.9
100
_a
Kristen A. Hite ; John L. Seitz
245
_a
Global Issues An Introduction
250
_a
Fifth Edition
260
_a
UK
_b
John Wiley & Sons
_c
2016
300
_a
xviii, 335 pages
942
_c
BK